| 000 | 00451nam a2200181Ia 4500 | ||
|---|---|---|---|
| 008 | 240925s9999 xx 000 0 und d | ||
| 020 | _a9780857085924 | ||
| 082 | _a650.1 WHI | ||
| 100 | _aWhittington, Lucy | ||
| 245 | 0 | _aFind Your Thing | |
| 250 | _aNA | ||
| 260 |
_aNew Delhi: _bJohn Wiley and Sons _c,2015. |
||
| 300 |
_a739p. _bNA _fOriginal |
||
| 500 | _aIncludes Index | ||
| 600 | _aSocial Sciences | ||
| 650 | _aManagement | ||
| 942 | _cBK | ||
| 999 |
_c15052 _d15052 |
||